Geography Quiz

Random Geography or World Quiz

Find the Countries of OPEC Quiz Stats

 Plays Quiz Updated Feb 13, 2019

Score 0/14 Timer 02:00
0 Plays Today
% Correct
Saudi Arabia
95.8%
Iraq
87.7%
Iran
83.4%
UAE
75.9%
Venezuela
66.1%
Libya
49.6%
Kuwait
42.9%
% Correct
Algeria
41.7%
Nigeria
34.8%
Angola
18.4%
Ecuador
17.3%
Gabon
11.4%
Equatorial Guinea
9.7%
Rep. Congo
1.3%

You're not logged in!

Compare scores with friends on all Sporcle quizzes.
OR
Log In

You Might Also Like...

Show Comments

Extras

Top Quizzes Today


Score Distribution

Your Account Isn't Verified!

In order to create a playlist on Sporcle, you need to verify the email address you used during registration. Go to your Sporcle Settings to finish the process.

Report this User

Report this user for behavior that violates our Community Guidelines.

Details: